LEADER 01085nam a2200265 4500 001 000000359004 003 CaOOAMICUS 005 20240719164051.0 008 240719s2013 it 000 u ita r 020 $a978-88-6728-047-6 040 $aSeMil$bita 100 1 $aGrillo, Paolo,$d<1968- >.$0(OLS)http://semarc/name/33517 245 10$aMilano guelfa :$b(1302-1310) /$cPaolo Grillo. 264 1$aRoma :$bViella,$c2013. 300 $a265 p. ;$c21 cm 490 1 $aItalia comunale e signorile ;$v2 650 4$aMilano - Storia - 1302-1310.$0(OLS)http://semarc/subject/55941 650 4$aMilano - Storia - Sec. 14.$0(OLS)http://semarc/subject/248 830 0$aItalia comunale e signorile ;$v2.$0(OLS)http://semarc/title/449426 850 $aSeMil 852 $aSeMil$W1$xVenegono$y1$m3O II 43$j249509$B250068$CSeMilBibl$Z2$F250068 $81 996 $6020$a978-88-6728-047-6$9(OLS)http://semarc/number/300766 996 $6245$aMilano guelfa :$b(1302-1310)$9(OLS)http://semarc/title/449425 996 $6264$aRoma :$bViella$9(OLS)http://semarc/publisher/31796 LEADER 01143nam a2200241 i 4500 001 000000008705 003 CaOOAMICUS 005 20180830125439.0 008 180830s1846 it u000 u ita u 040 $aSeMil$bita 100 1 $aSchröck, Johann Matthias.$0(OLS)http://semarc/name/89681 240 10$aLehrbuch der allgemeinen Weltgeschichte zum Gebrauche bey dem ersten Unterrichte der Jugend.$0(OLS)http://semarc/title/401130 245 10$aStoria universale compilata per la istruzione della gioventù /$cdal professore Johann Matthias Schroeck. 250 $a2. ed. / corretta e condotta fino ai nostri giorni dal sacerdote Antonio Daverio. 260 $aMilano :$bLorenzo Sonzogno,$c1846. 300 $a3 v. ;$c15 cm. 650 4$aStoria universale.$0(OLS)http://semarc/subject/7 700 1 $aDaverio, Antonio.$0(OLS)http://semarc/name/8371 774 0 $tParte 1.$g1$w()78980 774 0 $tParte 3.$g3$w()253267 774 0 $tParte 2.$g2$w()253268 996 $6245$aStoria universale compilata per la istruzione della gioventù$9(OLS)http://semarc/title/401129 996 $6260$aMilano :$bLorenzo Sonzogno$9(OLS)http://semarc/publisher/31306